01107nam a22002417a 4500001001000000003001100010005001700021008004100038040001800079050001900097082001500116100003400131240010600165245009500271260004700366300001500413440009400428500009900522505009700621650005500718651006000773700003200833BRCA_9281FranzMayer20230721130936.0230721b |||||||| |||| 00| 0 eng d aMFMbespcMFM 4aLE50bC53 1747 2PA6220.A251 4AutoraCicerón, Marco Tulio1 aEpístolas ó cartas de Marco Tulio Cicerón, vulgarmente llamadas FamiliareshTomo IIIlespañol0 aEpístolas ó cartas de Marco Tulio Cicerón, vulgarmente llamadas FamiliaresbTomo III aValencia, EspañabHermanos de Orgac1747 a552c18 cm aEpístolas ó cartas de Marco Tulio Cicerón vulgarmente llamadas familiarespTomo III aEl libro tiene hojas dañadas a distintos niveles, en algunos casos esto dificulta la lectura0 aTexto en: españolDirigido a: teólogos, historiadores, obisposIncluye índice temático1 2Literatura romanaaAutores individualesvCicerón2 2EpístolasaCartas "familiares"vMario Tulio Cicerón1 4Trad.aAbril, Simón Pedro